[Event "Sparkassen-Open A"]
[Site "Heusenstamm, Martinsee"]
[Date "2021.11.21"]
[Round "6.58"]
[White "Burkart, Lloyd Shang"]
[Black "Knödler, Marcel"]
[Result "1/2-1/2"]
[WhiteElo "1518"]
[BlackElo "1857"]
[PlyCount "138"]
[EventDate "2021.??.??"]
[WhiteTeam "SV Hofheim"]
[BlackTeam "Wiesbadener SV"]

1. d4 g6 2. e4 Bg7 3. Nc3 d6 4. g3 Nd7 5. Bg2 e5 6. Nf3 Ne7 7. Be3 b6 8. O-O
O-O 9. d5 a5 10. a3 h6 11. Nd2 Ba6 12. Re1 f5 13. f3 f4 14. Bf2 fxg3 15. hxg3
g5 16. Bf1 Bc8 17. Bg2 Ng6 18. b4 Nf6 19. Rf1 Qe7 20. Qe2 Nh5 21. b5 Kh7 22.
Kh2 Bd7 23. a4 Rf7 24. Rh1 Raf8 25. Kg1 Nf6 26. Rf1 Ne8 27. Be3 Bf6 28. Nd1 Rh8
29. Nf2 Kg8 30. Nc4 h5 31. Qd1 Rfh7 32. Re1 Nf8 33. Kf1 Qg7 34. Ke2 g4 35. fxg4
Bxg4+ 36. Nxg4 hxg4 37. Rxh7 Rxh7 38. Rh1 Bg5 39. Rxh7 Nxh7 40. Qf1 Qf6 41. Qf5
Qxf5 42. exf5 Bxe3 43. Nxe3 Nhf6 44. Kd3 Kg7 45. c4 Kh6 46. Kd2 Kg5 47. Ke2 Ng7
48. Kf2 Nxf5 49. Nxf5 Kxf5 50. Ke3 Nd7 51. Be4+ Kg5 52. Bd3 Nf6 53. Bc2 Nh5 54.
Kf2 e4 55. Bxe4 Kf6 56. Bc2 Ke5 57. Bd1 Nf6 58. Ke3 Ne4 59. Bxg4 Nxg3 60. Bf3
Nf5+ 61. Kd3 Kf4 62. Bd1 Ng3 63. Kd4 Nf1 64. Kd3 Ng3 65. Kd4 Nh1 66. Bh5 Ng3
67. Bd1 Nf5+ 68. Kd3 Nh4 69. Be2 Kg3 1/2-1/2

[Event "Sparkassen-Open A"]
[Site "Heusenstamm, Martinsee"]
[Date "2021.11.21"]
[Round "6.59"]
[White "Hoppstädter, Daniel"]
[Black "Glöckler, Christian"]
[Result "1-0"]
[WhiteElo "1760"]
[BlackElo "1397"]
[PlyCount "59"]
[EventDate "2021.??.??"]
[WhiteTeam "SC Illingen"]
[BlackTeam "SC Lindenholzhausen"]

1. d4 Nf6 2. c4 g6 3. f3 Bg7 4. e4 d6 5. Ne2 O-O 6. Be3 c5 7. d5 e6 8. Nec3
exd5 9. cxd5 a6 10. a4 Re8 11. Na3 h5 12. Nc4 Nh7 13. Bd3 Qc7 14. Bf4 Bf8 15.
O-O g5 16. Be3 b6 17. f4 g4 18. e5 Be7 19. Qc2 Nf8 20. Ne4 Rd8 21. exd6 Bxd6
22. Nf6+ Kh8 23. Qc3 Qe7 24. Rae1 b5 25. Nxd6 b4 26. Qe5 Qxd6 27. Qg5 Nh7 28.
Qh6 Bf5 29. Bxf5 Qxf6 30. Qxh7# 1-0

[Event "Sparkassen-Open A"]
[Site "Heusenstamm, Martinsee"]
[Date "2021.11.21"]
[Round "6.60"]
[White "Linnemann, Caspar"]
[Black "Mährlein, Christoph"]
[Result "0-1"]
[WhiteElo "1731"]
[BlackElo "2061"]
[PlyCount "80"]
[EventDate "2021.??.??"]
[WhiteTeam "TuS Coswig"]
[BlackTeam "SC Pforzheim"]

1. e4 Nf6 2. Nc3 e5 3. Nf3 Bb4 4. d3 Nc6 5. Bg5 h6 6. Bh4 g5 7. Bg3 d6 8. a3
Bxc3+ 9. bxc3 O-O 10. Be2 Qe7 11. O-O Nh7 12. Re1 h5 13. h4 g4 14. Nd2 Re8 15.
Bf1 Nf8 16. Nb3 Ng6 17. Qd2 Nxh4 18. Qh6 Ng6 19. d4 h4 20. Bh2 Qf8 21. Qg5 Kg7
22. Bb5 f6 23. Qd2 a6 24. Bf1 Qh8 25. Qd3 Qh5 26. g3 Rh8 27. Qd2 Bd7 28. Re2
Nd8 29. d5 Nf7 30. Qd3 Ng5 31. Bg2 Nf3+ 32. Bxf3 gxf3 33. Rd2 Nf4 34. Qe3 Ng2
35. Qd3 hxg3 36. fxg3 Qxh2+ 37. Kf1 Bh3 38. Kf2 Ne1+ 39. Ke3 Qxg3 40. Qc4 f2+
0-1

[Event "Sparkassen-Open A"]
[Site "Heusenstamm, Martinsee"]
[Date "2021.11.21"]
[Round "6.61"]
[White "Waffenschmidt, Joachim"]
[Black "Fröhlich-Dill, Astrid"]
[Result "1-0"]
[WhiteElo "2026"]
[BlackElo "1848"]
[PlyCount "61"]
[EventDate "2021.??.??"]
[WhiteTeam "SV Hofheim"]
[BlackTeam "SV Hofheim"]

1. d4 Nf6 2. c4 e6 3. Nc3 Bb4 4. Qc2 b6 5. a3 Bxc3+ 6. Qxc3 Bb7 7. Nf3 h6 8. e3
a5 9. Bd3 d6 10. O-O Nbd7 11. b3 Ne4 12. Qc2 f5 13. Nd2 Ndf6 14. f3 Ng5 15. d5
exd5 16. Bxf5 O-O 17. f4 Nge4 18. Be6+ Kh8 19. cxd5 Nc5 20. e4 Ba6 21. Rf3 Nxe6
22. dxe6 c5 23. Bb2 Qe7 24. f5 d5 25. exd5 Nxd5 26. Nc4 Bb7 27. Rg3 Nf6 28. Ne5
Qc7 29. Re1 Kh7 30. Nd7 Rg8 31. Bxf6 1-0

[Event "Sparkassen-Open A"]
[Site "Heusenstamm, Martinsee"]
[Date "2021.11.21"]
[Round "6.62"]
[White "Ersöz, Can"]
[Black "Launert, Martin"]
[Result "1-0"]
[WhiteElo "1964"]
[BlackElo "1841"]
[PlyCount "75"]
[EventDate "2021.??.??"]
[WhiteTeam "SV Würzburg"]
[BlackTeam "Sfr. Erbach"]

1. e4 e5 2. Nf3 Nc6 3. Bc4 Bc5 4. c3 Nf6 5. d3 d6 6. Bb3 h6 7. Nbd2 O-O 8. h3
a6 9. Nf1 Re8 10. g4 d5 11. Qc2 dxe4 12. dxe4 Be6 13. Ng3 Bxb3 14. axb3 Qd7 15.
b4 Bb6 16. g5 hxg5 17. Bxg5 Nh7 18. Rd1 Qe6 19. Nf5 f6 20. Bc1 Ne7 21. N3h4
Rad8 22. Rg1 Rxd1+ 23. Qxd1 g5 24. Qh5 Nxf5 25. Nxf5 Kh8 26. h4 Rg8 27. hxg5
fxg5 28. Rxg5 Qe8 29. Qh6 Qf7 30. Rxg8+ Qxg8 31. Qh2 Qe6 32. Bh6 c6 33. Qg3 Qf7
34. Qxe5+ Nf6 35. Bg5 Bd8 36. Qh2+ Qh7 37. Bxf6+ Bxf6 38. Qxh7+ 1-0

[Event "Sparkassen-Open A"]
[Site "Heusenstamm, Martinsee"]
[Date "2021.11.21"]
[Round "6.63"]
[White "Trumpp, Lothar"]
[Black "Kosak, Matjaz"]
[Result "0-1"]
[WhiteElo "1961"]
[BlackElo "1769"]
[PlyCount "100"]
[EventDate "2021.??.??"]
[WhiteTeam "VSG Offenbach"]
[BlackTeam "SV Frankfurt Nord"]

1. e4 e5 2. Nf3 Nc6 3. Bb5 a6 4. Ba4 Nf6 5. d3 b5 6. Bb3 Be7 7. c3 O-O 8. O-O
d6 9. h3 Na5 10. Bc2 c5 11. d4 cxd4 12. cxd4 exd4 13. Nxd4 Qc7 14. Nc3 Re8 15.
Re1 Bb7 16. Bf4 Nc4 17. Bc1 b4 18. Nd5 Nxd5 19. exd5 Qc5 20. Nf5 Bf6 21. Ne3
Nxb2 22. Bxb2 Bxb2 23. Rb1 Bd4 24. Qd3 g6 25. Rbd1 Bc3 26. Re2 a5 27. Ng4 Rxe2
28. Qxe2 Bxd5 29. Rxd5 Qxd5 30. Bb3 Qb7 31. Nh6+ Kg7 32. Nxf7 Qd7 33. Ng5 Re8
34. Ne6+ Kh8 35. Bd5 Be5 36. Qg4 Qc8 37. g3 Qc1+ 38. Kg2 Qc2 39. h4 Qf5 40. Qc4
h6 41. g4 Qf6 42. f4 Bc3 43. Qc7 Qe7 44. Qc6 Be1 45. g5 Bxh4 46. Qc2 Qf7 47.
Nc7 Qxf4 48. Nxe8 Qxg5+ 49. Kf1 Qxd5 50. Qxg6 Qf3+ 0-1

[Event "Sparkassen-Open A"]
[Site "Heusenstamm, Martinsee"]
[Date "2021.11.21"]
[Round "6.64"]
[White "Raumanns, Niklas"]
[Black "Bäumer, Frank"]
[Result "1/2-1/2"]
[WhiteElo "1682"]
[BlackElo "1939"]
[PlyCount "39"]
[EventDate "2021.??.??"]
[WhiteTeam "SC Bergen-Enkheim"]
[BlackTeam "Gambit Gusenburg"]

1. e4 e5 2. Nf3 Nc6 3. Bb5 a6 4. Ba4 Nf6 5. O-O Be7 6. c3 b5 7. Bc2 d5 8. exd5
Qxd5 9. d3 Bb7 10. Re1 O-O 11. Bg5 h6 12. Bh4 Rad8 13. Qe2 Rfe8 14. Nbd2 Nh5
15. Bxe7 Nf4 16. Qe4 Rxe7 17. Qxd5 Rxd5 18. Re3 Red7 19. Ne1 b4 20. g3 1/2-1/2

[Event "Sparkassen-Open A"]
[Site "Heusenstamm, Martinsee"]
[Date "2021.11.21"]
[Round "6.65"]
[White "Sittinger, Lutz"]
[Black "Scholz, Michael"]
[Result "1-0"]
[WhiteElo "1915"]
[BlackElo "1798"]
[PlyCount "59"]
[EventDate "2021.??.??"]
[WhiteTeam "SK Mainaschaff"]
[BlackTeam "SK Mömbris"]

1. d4 Nf6 2. c4 c5 3. d5 b5 4. cxb5 a6 5. bxa6 Bxa6 6. Nc3 g6 7. e4 Bxf1 8.
Kxf1 d6 9. g3 Bg7 10. Kg2 O-O 11. Qc2 Nbd7 12. Nge2 Qa5 13. Bd2 Ng4 14. Nd1 Qa6
15. Bc3 f5 16. Bxg7 Kxg7 17. Nf4 Kg8 18. Ne6 Rf6 19. Nc7 Qa4 20. b3 Qd4 21.
Nxa8 fxe4 22. Qc3 Qxd5 23. Qc4 Qxc4 24. bxc4 Nde5 25. Kh3 Nh6 26. Ne3 Nd3 27.
Rhf1 Rf8 28. Nc7 Rc8 29. Ncd5 e6 30. Ne7+ 1-0

[Event "Sparkassen-Open A"]
[Site "Heusenstamm, Martinsee"]
[Date "2021.11.21"]
[Round "6.66"]
[White "Werner, Tom"]
[Black "Busch, Malte"]
[Result "1-0"]
[WhiteElo "1780"]
[BlackElo "1769"]
[PlyCount "81"]
[EventDate "2021.??.??"]
[WhiteTeam "VSG Offenbach"]
[BlackTeam "SC Hattersheim"]

1. c4 f5 2. Nc3 Nf6 3. g3 e6 4. Bg2 Be7 5. e3 O-O 6. Nge2 d6 7. d4 e5 8. O-O
Nc6 9. b3 a6 10. Ba3 Qe8 11. Qc2 Qh5 12. Rae1 f4 13. exf4 Bh3 14. Bxh3 Qxh3 15.
f3 Nh5 16. dxe5 g5 17. Nd5 gxf4 18. Nexf4 Nxf4 19. Nxf4 Rxf4 20. gxf4 Nd4 21.
Qg2+ Qxg2+ 22. Kxg2 Nc2 23. exd6 Bh4 24. d7 Bxe1 25. Be7 Ne3+ 26. Kg1 Nxf1 27.
Kxf1 Bd2 28. f5 Bf4 29. h3 Kf7 30. d8=Q Rxd8 31. Bxd8 Ke8 32. Bh4 Kf7 33. Kf2
c6 34. Bg3 Bc1 35. Be5 b5 36. cxb5 cxb5 37. Ke2 Bg5 38. Kd3 a5 39. a4 bxa4 40.
bxa4 Bh4 41. Bc3 1-0

[Event "Sparkassen-Open A"]
[Site "Heusenstamm, Martinsee"]
[Date "2021.11.21"]
[Round "6.67"]
[White "Kähm, Kevin"]
[Black "Huck, Robert"]
[Result "1-0"]
[WhiteElo "1626"]
[BlackElo "1851"]
[PlyCount "79"]
[EventDate "2021.??.??"]
[WhiteTeam "SK Bischofsheim"]
[BlackTeam "SC Königsspringer Alzenau"]

1. d4 Nf6 2. Nf3 d6 3. g3 Nbd7 4. Bg2 e5 5. dxe5 dxe5 6. O-O Be7 7. Bg5 O-O 8.
Bh3 h6 9. Bxf6 Bxf6 10. e4 Qe7 11. Nc3 c6 12. Qe2 Nc5 13. Bxc8 Raxc8 14. Rad1
Rcd8 15. a3 Ne6 16. Nb1 Nd4 17. Nxd4 exd4 18. Rfe1 g6 19. e5 Bg7 20. f4 Qe6 21.
Qe4 c5 22. Qxb7 Rb8 23. Qxa7 Rxb2 24. Qxc5 Rc8 25. Qxd4 Rcxc2 26. Rd2 Bf8 27.
Qxb2 Bc5+ 28. Kg2 Rxb2 29. Rxb2 Qc6+ 30. Kh3 g5 31. fxg5 hxg5 32. Rbe2 Qf3 33.
Re4 Bf2 34. R1e2 Kh7 35. Nd2 Qf5+ 36. g4 Qd7 37. Rxf2 Qd3+ 38. Kg2 Qd5 39. a4
Kg6 40. h3 1-0

[Event "Sparkassen-Open A"]
[Site "Heusenstamm, Martinsee"]
[Date "2021.11.21"]
[Round "6.68"]
[White "Neidhardt, Helge"]
[Black "Werner, Rosalie"]
[Result "1/2-1/2"]
[WhiteElo "2070"]
[BlackElo "1746"]
[PlyCount "97"]
[EventDate "2021.??.??"]
[WhiteTeam "SK Marburg"]
[BlackTeam "VSG Offenbach"]

1. d4 Nf6 2. Nf3 g6 3. c4 Bg7 4. Nc3 d6 5. e4 O-O 6. Be2 Nbd7 7. h3 e5 8. dxe5
dxe5 9. Be3 Qe7 10. Qc2 c6 11. O-O Nh5 12. Qd2 Re8 13. Rfd1 Nf4 14. Bf1 Ne6 15.
Qc2 b6 16. a3 Bb7 17. b4 Red8 18. Rab1 Rac8 19. Qa4 a6 20. Qc2 b5 21. c5 Ndf8
22. Ne2 Rc7 23. Rb3 Rcd7 24. Rbd3 Bc8 25. Rxd7 Rxd7 26. Rd3 Qd8 27. Rxd7 Qxd7
28. Qd2 Qxd2 29. Bxd2 Nc7 30. Bc3 f6 31. Nc1 Be6 32. Bd3 Nd7 33. Bc2 Kf7 34.
Nb3 Bxb3 35. Bxb3+ Ne6 36. Kf1 Ke7 37. h4 Bh6 38. Bb2 Bg7 39. g3 h5 40. Ke2 Bh6
41. Bc2 Ndf8 42. Nd2 Nd8 43. Nb3 Nb7 44. Bc3 Ne6 45. Nd2 Nbd8 46. Nf3 Nf7 47.
Nd2 Nfd8 48. Bb2 Nb7 49. Nf3 1/2-1/2

[Event "Sparkassen-Open A"]
[Site "Heusenstamm, Martinsee"]
[Date "2021.11.21"]
[Round "6.69"]
[White "Margaryan, Susanna"]
[Black "Schellen, Sven"]
[Result "0-1"]
[WhiteElo "1517"]
[BlackElo "1848"]
[PlyCount "122"]
[EventDate "2021.??.??"]
[WhiteTeam "Elmshorner SC"]
[BlackTeam "SV Frankfurt Nord"]

1. d4 d5 2. c4 e6 3. Nc3 c5 4. cxd5 exd5 5. dxc5 d4 6. Ne4 Bxc5 7. Nxc5 Qa5+ 8.
Bd2 Qxc5 9. Rc1 Qf5 10. Qa4+ Nc6 11. Nf3 Qd5 12. e3 dxe3 13. Bxe3 Nf6 14. Bc4
Qf5 15. Nd4 Qe4 16. O-O Bd7 17. Bb5 Ne5 18. Rc7 a6 19. Bxd7+ Nexd7 20. Rfc1 O-O
21. Qb3 Rab8 22. f3 Qe5 23. Bf2 Qf4 24. Ne2 Qd2 25. R7c2 Qd5 26. Qxd5 Nxd5 27.
Rd2 N7f6 28. Rcd1 Rfe8 29. Kf1 Nb4 30. a3 Nc6 31. Nd4 Ne5 32. Bg3 Rbc8 33. Nf5
Nc4 34. Rc2 g6 35. Rxc4 Rxc4 36. Nd6 Rd8 37. Nxc4 Rxd1+ 38. Ke2 Rb1 39. Be5 Nd7
40. Bd4 f6 41. Nd6 b5 42. Ne8 a5 43. Nxf6+ Nxf6 44. Bxf6 Kf7 45. Bd4 Ke6 46. h3
Kd5 47. Bf6 Kc4 48. g4 a4 49. h4 b4 50. axb4 Kxb4 51. Kd2 Kb3 52. f4 Rg1 53. g5
Rh1 54. Be5 Rxh4 55. Kd1 Rh1+ 56. Kd2 h5 57. gxh6 Rxh6 58. Bg7 Rh2+ 59. Kc1
Rc2+ 60. Kb1 Rf2 61. Kc1 Rxf4 0-1

[Event "Sparkassen-Open A"]
[Site "Heusenstamm, Martinsee"]
[Date "2021.11.21"]
[Round "6.70"]
[White "Heppert, Lars"]
[Black "Plaumann, Arvin"]
[Result "1-0"]
[WhiteElo "1833"]
[BlackElo "1613"]
[PlyCount "81"]
[EventDate "2021.??.??"]
[WhiteTeam "SK Neuburg"]
[BlackTeam "SF Heidesheim"]

1. e4 e6 2. d4 d5 3. exd5 exd5 4. Nf3 Bg4 5. Bd3 Bd6 6. O-O Ne7 7. Re1 Nbc6 8.
c3 Qd7 9. Nbd2 f6 10. b4 O-O 11. a4 Bf5 12. Bf1 Ng6 13. Qb3 Kh8 14. a5 Rfe8 15.
b5 Rxe1 16. Nxe1 Nd8 17. Ndf3 Nf7 18. g3 c6 19. a6 Rb8 20. Qa4 Ne7 21. axb7
Rxb7 22. bxc6 Qxc6 23. c4 Qxa4 24. Rxa4 Bd7 25. Ra6 Bb4 26. Nc2 Bc3 27. Ra3 Bb4
28. Nxb4 Rxb4 29. Rxa7 Bg4 30. Rxe7 Nh6 31. Nd2 g5 32. h3 Bd1 33. Bd3 dxc4 34.
Bxc4 Nf5 35. Rd7 Rb8 36. Bd3 Rc8 37. Bb2 Ng7 38. d5 h5 39. Bxf6 Rc1 40. Bxg7+
Kg8 41. Bh7+ 1-0

[Event "Sparkassen-Open A"]
[Site "Heusenstamm, Martinsee"]
[Date "2021.11.21"]
[Round "6.71"]
[White "Füssel, Jan Michael"]
[Black "Gollon, Sinan"]
[Result "1-0"]
[WhiteElo "1799"]
[BlackElo "1309"]
[PlyCount "120"]
[EventDate "2021.??.??"]
[WhiteTeam "VSG Offenbach"]
[BlackTeam "Karlsruher SF"]

1. b3 e5 2. Bb2 d6 3. e3 Be6 4. c4 c6 5. Nf3 Nf6 6. Be2 Be7 7. O-O O-O 8. Nc3
Qc7 9. Qc2 Nbd7 10. d4 Bg4 11. dxe5 Nxe5 12. Nxe5 Bxe2 13. Nxe2 dxe5 14. Qf5
Nd7 15. Rfd1 Rad8 16. Rac1 f6 17. Nc3 Nb6 18. Ne4 Rxd1+ 19. Rxd1 Qc8 20. Qxc8
Rxc8 21. Bc3 Rc7 22. Kf1 Rd7 23. Rc1 Na8 24. Ke2 Kf7 25. f4 exf4 26. exf4 Nc7
27. Rf1 Ne6 28. Ke3 Nc5 29. Bd4 Nxe4 30. Kxe4 b6 31. f5 Bd6 32. h3 Re7+ 33. Kf3
Be5 34. Bxe5 Rxe5 35. g4 h5 36. Rd1 Ke7 37. a3 a5 38. b4 a4 39. Rd3 h4 40. Kf4
Re1 41. Re3+ Rxe3 42. Kxe3 Kd6 43. Ke4 Ke7 44. Kf4 Kf7 45. g5 c5 46. b5 Ke7 47.
Kg4 Kd6 48. Kxh4 Ke5 49. gxf6 gxf6 50. Kg4 Kd4 51. h4 Kxc4 52. h5 Kxb5 53. h6
Kc4 54. h7 Kb3 55. h8=Q Kxa3 56. Qxf6 b5 57. Qc3+ Ka2 58. Qxc5 a3 59. Qxb5 Ka1
60. f6 a2 1-0

[Event "Sparkassen-Open A"]
[Site "Heusenstamm, Martinsee"]
[Date "2021.11.21"]
[Round "6.72"]
[White "Faber, Lutz"]
[Black "Hebauf, Markus"]
[Result "0-1"]
[WhiteElo "1824"]
[BlackElo "1541"]
[PlyCount "48"]
[EventDate "2021.??.??"]
[WhiteTeam "Zwickauer SC"]
[BlackTeam "Sfr. Kelkheim"]

1. d4 d5 2. Bf4 Nf6 3. e3 e6 4. Nd2 Bd6 5. Bg3 O-O 6. Bd3 Nbd7 7. f4 c5 8. c3
c4 9. Bc2 Ne8 10. Ngf3 f5 11. Ne5 Nef6 12. Bh4 Be7 13. Qe2 a6 14. O-O Nxe5 15.
fxe5 Ne4 16. Bxe7 Qxe7 17. Nxe4 fxe4 18. Rxf8+ Qxf8 19. Rf1 Qe7 20. Rf4 Bd7 21.
Qh5 Rf8 22. Rh4 g6 23. Qh6 Rf5 24. Rf4 Rh5 0-1

[Event "Sparkassen-Open A"]
[Site "Heusenstamm, Martinsee"]
[Date "2021.11.21"]
[Round "6.73"]
[White "Schreidl, Michael"]
[Black "von Beckh, Frieda"]
[Result "1/2-1/2"]
[WhiteElo "1598"]
[BlackElo "1508"]
[PlyCount "155"]
[EventDate "2021.??.??"]
[WhiteTeam "SK Frankenthal"]
[BlackTeam "SK Bad Homburg"]

1. e4 c5 2. Nf3 Nc6 3. d4 cxd4 4. Nxd4 g6 5. c4 Bg7 6. Be3 Nf6 7. Nc3 Ng4 8.
Qxg4 Nxd4 9. Qd1 e5 10. Qd2 O-O 11. Bd3 d6 12. O-O Qh4 13. f3 Qd8 14. Nd5 Be6
15. Bxd4 exd4 16. f4 Bxd5 17. cxd5 Rc8 18. Rf3 Re8 19. Raf1 Rc7 20. f5 gxf5 21.
Rxf5 Re5 22. R5f3 Rh5 23. Qe2 Be5 24. Rg3+ Rg5 25. Rxg5+ Qxg5 26. g3 Qe3+ 27.
Qxe3 dxe3 28. Rb1 Bd4 29. Kf1 Kg7 30. Ke2 Kf6 31. h3 Rc8 32. Rf1+ Ke7 33. Rb1
Rg8 34. Kf3 Be5 35. g4 h5 36. b3 hxg4+ 37. hxg4 Rh8 38. Kxe3 Rh3+ 39. Kd2 Rh2+
40. Be2 Bf4+ 41. Kd3 Rh3+ 42. Kc4 Re3 43. Bd3 Be5 44. Rf1 b5+ 45. Kxb5 Rxd3 46.
Re1 Bd4 47. Kc4 Re3 48. Rd1 Bc5 49. g5 Rxe4+ 50. Kb5 Rg4 51. Re1+ Kd7 52. Rf1
Ke7 53. Re1+ Kf8 54. Rf1 Kg7 55. Rf5 Bd4 56. Kc6 Be5 57. Kb7 Rg2 58. Kxa7 Rxa2+
59. Kb6 Rb2 60. Rf3 Kg6 61. Kc6 Kxg5 62. Rxf7 Rxb3 63. Rf1 Rc3+ 64. Kd7 Rd3 65.
Ke6 Rd4 66. Rg1+ Rg4 67. Rf1 Kh4 68. Rf2 Kg3 69. Rf5 Rf4 70. Rxe5 dxe5 71. Kxe5
Kf3 72. d6 Re4+ 73. Kf6 Rf4+ 74. Ke7 Re4+ 75. Kd8 Rd4 76. d7 Kf4 77. Kc8 Rxd7
78. Kxd7 1/2-1/2

[Event "Sparkassen-Open A"]
[Site "Heusenstamm, Martinsee"]
[Date "2021.11.21"]
[Round "7.2"]
[White "Sumets, Andrey"]
[Black "Hommer, Jeremy"]
[Result "1-0"]
[WhiteElo "2527"]
[BlackElo "2171"]
[PlyCount "141"]
[EventDate "2021.??.??"]
[WhiteTeam "SV Hofheim"]
[BlackTeam "Hamburger SK"]

{[%evp 0,36,17,19,29,19,23,2,22,32,17,3,21,16,27,27,27,33,32,19,16,19,40,21,39,
32,45,43,43,45,51,46,45,42,58,32,42,34,34]} 1. d4 e6 {[%emt 0:00:36]} 2. Nf3 {
[%emt 0:00:39]} Nf6 3. c4 {[%emt 0:00:20]} b6 4. a3 Bb7 {[%emt 0:00:11]} 5. Bf4
{[%emt 0:00:07]} Be7 {[%emt 0:03:01]} 6. Nc3 {[%emt 0:00:13]} Ne4 {[%emt 0:07:
08]} 7. Nxe4 {[%emt 0:00:21]} Bxe4 {[%emt 0:00:20]} 8. e3 {[%emt 0:01:39]} O-O
{[%emt 0:02:21]} 9. Bd3 Bxd3 {[%emt 0:05:05]} 10. Qxd3 {[%emt 0:00:35]} d6 {
[%emt 0:00:39]} 11. O-O {[%emt 0:00:36]} c5 {[%emt 0:05:00]} 12. dxc5 {[%emt 0:
31:16]} dxc5 {[%emt 0:01:02]} 13. Qe4 {[%emt 0:01:46]} Nd7 {[%emt 0:01:36]} 14.
Rfd1 {[%emt 0:04:23]} Qc8 {[%emt 0:01:18]} 15. Ne5 {[%emt 0:01:10]} Nxe5 {
[%emt 0:01:50]} 16. Bxe5 {[%emt 0:00:33]} Rd8 {[%emt 0:04:30]} 17. Rxd8+ {
[%emt 0:05:38]} Qxd8 {[%emt 0:01:35]} 18. Bc7 {[%emt 0:00:24]} Qe8 {[%emt 0:07:
11]} 19. Rd1 {[%emt 0:01:17]} Bf6 {[%emt 0:04:02]} 20. b3 {[%emt 0:00:51]} g6 {
[%emt 0:01:27]} 21. a4 {[%emt 0:01:06]} Kg7 {[%emt 0:09:28]} 22. h3 {[%emt 0:
00:45]} h5 {[%emt 0:02:49]} 23. Kf1 {[%emt 0:07:31]} Rc8 {[%emt 0:03:26]} 24.
Qb7 {[%emt 0:00:04]} Ra8 {[%emt 0:00:13]} 25. Ke2 {[%emt 0:01:36]} Qc8 {
[%emt 0:01:54]} 26. Qxc8 {[%emt 0:03:52]} Rxc8 {[%emt 0:00:20]} 27. Rd7 Ra8 {
[%emt 0:04:33]} 28. e4 {[%emt 0:07:26]} Kf8 {[%emt 0:05:02]} 29. Bd6+ {[%emt 0:
01:08]} Ke8 {[%emt 0:01:16]} 30. Rb7 {[%emt 0:00:14]} Bd8 {[%emt 0:08:23]} 31.
Bb8 {[%emt 0:00:41]} a6 {[%emt 0:02:45]} 32. Ba7 {[%emt 0:00:57]} a5 {[%emt 0:
01:33]} 33. Bxb6 {[%emt 0:01:04]} Bxb6 {[%emt 0:00:51]} 34. Rxb6 Kd7 35. Rb7+ {
[%emt 0:00:25]} Kc6 {[%emt 0:01:10]} 36. Rxf7 {[%emt 0:00:08]} Rb8 {[%emt 0:00:
11]} 37. Rf3 {[%emt 0:00:49]} Kd6 {[%emt 0:00:08]} 38. Rd3+ {[%emt 0:04:13]}
Ke5 39. Ke3 {[%emt 0:00:07]} g5 {[%emt 0:00:13]} 40. h4 {[%emt 0:26:34]} gxh4 {
[%emt 0:01:58]} 41. f4+ {[%emt 0:05:43]} Kf6 {[%emt 0:00:24]} 42. Kf2 Rb6 {
[%emt 0:03:29]} 43. Kg1 {[%emt 0:04:21]} Rb7 {[%emt 0:08:36]} 44. Kh2 {[%emt 0:
00:19]} Rg7 {[%emt 0:00:48]} 45. Rd6 {[%emt 0:00:28]} Rg4 {[%emt 0:00:51]} 46.
Rc6 {[%emt 0:00:20]} Rxf4 {[%emt 0:00:20]} 47. Rxc5 Rxe4 {[%emt 0:00:05]} 48.
Rxa5 {[%emt 0:00:04]} Re3 {[%emt 0:00:35]} 49. Rb5 {[%emt 0:00:36]} Re1 {
[%emt 0:02:55]} 50. a5 {[%emt 0:03:19]} e5 {[%emt 0:00:36]} 51. Rb8 {[%emt 0:
01:04]} e4 {[%emt 0:00:29]} 52. c5 {[%emt 0:03:21]} Ke7 {[%emt 0:11:42]} 53.
Rh8 {[%emt 0:00:03]} e3 {[%emt 0:00:22]} 54. Rxh5 {[%emt 0:00:20]} Ke6 {
[%emt 0:00:24]} 55. Rh8 {[%emt 0:05:24]} Kd5 {[%emt 0:01:54]} 56. b4 {[%emt 0:
00:58]} Rb1 {[%emt 0:01:00]} 57. Re8 {[%emt 0:00:13]} Rxb4 {[%emt 0:00:51]} 58.
Rxe3 {[%emt 0:00:11]} Kxc5 {[%emt 0:00:15]} 59. Ra3 Rb7 {[%emt 0:01:34]} 60. a6
{[%emt 0:00:05]} Ra7 {[%emt 0:00:07]} 61. Kh3 {[%emt 0:00:31]} Kd5 {[%emt 0:01:
58]} 62. Kxh4 {[%emt 0:00:36]} Ke6 63. g4 {[%emt 0:00:04]} Kf7 {[%emt 0:00:48]}
64. Kg5 {[%emt 0:00:21]} Ke6 {[%emt 0:02:05]} 65. Kg6 {[%emt 0:00:07]} Ke5 {
[%emt 0:00:29]} 66. g5 {[%emt 0:00:14]} Ke6 67. Ra5 Ke7 {[%emt 0:00:29]} 68.
Kf5 {[%emt 0:00:31]} Kf7 {[%emt 0:00:23]} 69. Ke5 {[%emt 0:00:21]} Ke7 {
[%emt 0:00:41]} 70. g6 {[%emt 0:00:30]} Kd8 71. Kf6 1-0

[Event "Sparkassen-Open A"]
[Site "Heusenstamm, Martinsee"]
[Date "2021.11.21"]
[Round "7.3"]
[White "Suvorov, Luca"]
[Black "Poetsch, Hagen"]
[Result "1/2-1/2"]
[WhiteElo "2280"]
[BlackElo "2513"]
[PlyCount "50"]
[EventDate "2021.??.??"]
[WhiteTeam "SG Porz"]
[BlackTeam "SC Heusenstamm"]

{[%evp 0,21,17,19,23,7,7,2,7,17,27,22,26,21,51,38,46,48,54,34,26,45,52,44]} 1.
d4 {[%emt 0:00:04]} Nf6 {[%emt 0:00:40]} 2. c4 {[%emt 0:00:08]} e6 {[%emt 0:00:
24]} 3. Nc3 {[%emt 0:00:35]} Bb4 {[%emt 0:00:04]} 4. e3 Bxc3+ {[%emt 0:00:50]}
5. bxc3 {[%emt 0:00:40]} d6 6. Bd3 {[%emt 0:06:51]} c5 {[%emt 0:03:17]} 7. Ne2
{[%emt 0:07:32]} Nc6 {[%emt 0:00:56]} 8. O-O {[%emt 0:04:40]} e5 {[%emt 0:12:
08]} 9. e4 {[%emt 0:01:22]} O-O {[%emt 0:05:26]} 10. f3 {[%emt 0:31:33]} Nd7 {
[%emt 0:02:22]} 11. d5 {[%emt 0:02:50]} Na5 {[%emt 0:00:59]} 12. Ng3 {[%emt 0:
09:44]} Nb6 {[%emt 0:06:03]} 13. Qe2 {[%emt 0:00:36]} Qh4 {[%emt 0:02:53]} 14.
Rb1 {[%emt 0:03:51]} Bd7 {[%emt 0:05:09]} 15. Nf5 {[%emt 0:03:24]} Bxf5 {
[%emt 0:02:27]} 16. exf5 {[%emt 0:00:55]} Nd7 {[%emt 0:02:45]} 17. Rb5 {
[%emt 0:14:50]} b6 {[%emt 0:02:40]} 18. g3 {[%emt 0:00:42]} Qe7 {[%emt 0:01:32]
} 19. Be4 {[%emt 0:01:08]} Rfb8 {[%emt 0:08:01]} 20. g4 {[%emt 0:02:10]} Qe8 {
[%emt 0:02:00]} 21. Bg5 {[%emt 0:03:01]} f6 {[%emt 0:09:43]} 22. Be3 {[%emt 0:
00:07]} a6 {[%emt 0:01:30]} 23. Rb2 {[%emt 0:00:32]} Nf8 {[%emt 0:01:37]} 24.
Rfb1 {[%emt 0:01:22]} Qa4 {[%emt 0:00:23]} 25. Bc2 {[%emt 0:01:30]} Qa3 {
[%emt 0:06:41]} 1/2-1/2